| 000 | 00608nam a2200181 i 4500 | ||
|---|---|---|---|
| 001 | 41128 | ||
| 003 | ES-MaACL | ||
| 005 | 20250822063116.0 | ||
| 007 | t| | ||
| 008 | 030310s1819 sp ||||1| spa d | ||
| 100 | 1 |
_aCapuron, Joseph, _d1767-1850 _9174472 |
|
| 245 | 1 | 0 |
_aTratado de las enfermedades de los niƱos hasta la pubertad / _cJ. Capuron ; traducido por Higinio Antonio Lorente. |
| 260 |
_aMadrid : _b[s.n., _c1819] ( _fImp. de la calle de la Greda) |
||
| 300 |
_a2 v. ; _c16 cm. |
||
| 700 | 1 |
_aLorente, Higinio Antonio. _974098 |
|
| 852 |
_aES-MaACL _jG-10777-78 |
||
| 999 |
_c41128 _d41128 |
||